| 000 | 00000nam 2200000zi 4500 |
| 001 | 9.934019 |
| 003 | CaOODSP |
| 005 | 20250403110746 |
| 006 | m o d f |
| 007 | cr mn||||||||| |
| 008 | 240216e20240216onc ob f000 0 fre d |
| 020 | |a9780660703312 |
| 040 | |aCaOODSP|bfre|erda|cCaOODSP |
| 043 | |an-cn--- |
| 086 | 1 |aCS75-005/2024-1F-PDF |
| 245 | 00|aAssurer que l'Enquête sur la population active demeure la pierre angulaire de l'écosystème d'information sur le marché du travail. |
| 264 | 1|a[Ottawa] : |bStatistique Canada = Statistics Canada, |c16 février 2024. |
| 264 | 4|c©2024 |
| 300 | |a1 ressource en ligne (5 pages). |
| 336 | |atexte|btxt|2rdacontent/fre |
| 337 | |ainformatique|bc|2rdamedia/fre |
| 338 | |aressource en ligne|bcr|2rdacarrier/fre |
| 490 | 1 |aStatistiques sur le travail : documents techniques, |x2292-3799 |
| 500 | |aPublié aussi en anglais sous le titre : Ensuring that the Labour Force Survey remains the cornerstone of Canada's labour market information ecosystem. |
| 500 | |a« N° 75-005-M au catalogue. » |
| 504 | |aComprend des références bibliographiques. |
| 520 | |a« De 2010 à 2019, le taux de réponse à l'Enquête sur la population active (EPA) – ou la proportion de ménages sélectionnés ayant répondu à une interview de l'EPA – avait suivi une lente tendance à la baisse, en raison d'une série de changements sociaux et technologiques qui ont rendu plus difficiles les efforts visant à contacter les ménages sélectionnés et à les persuader de participer une fois qu'ils sont contactés. Ces facteurs ont été exacerbés par la pandémie de COVID-19, qui a entraîné la suspension des entretiens en personne entre avril 2020 et l'automne 2022. Statistique Canada s'engage à rétablir les taux de réponse de l'EPA dans toute la mesure du possible. Ce document technique traite de deux initiatives en cours pour s'assurer que les estimations de l'EPA continuent à fournir un portrait précis et représentatif du marché du travail canadien » -- Fourni par l'éditeur. |
| 610 | 26|aEnquête sur la population active (Canada) |
| 650 | 6|aMénages (Statistique)|xEnquêtes|xTaux de réponse|zCanada. |
| 710 | 2 |aStatistique Canada, |eorganisme de publication. |
| 775 | 08|tEnsuring that the Labour Force Survey remains the cornerstone of Canada's labour market information ecosystem.|w(CaOODSP)9.934016 |
| 830 | #0|aStatistiques sur le travail. |w(CaOODSP)9.503928 |
| 856 | 40|qPDF|s219 Ko|uhttps://publications.gc.ca/collections/collection_2024/statcan/75-005-m2024001-fra.pdf |
| 856 | 4 |qHTML|sS.O.|uhttps://www150.statcan.gc.ca/n1/pub/75-005-m/75-005-m2024001-fra.htm |
| 986 | |a75-005-M |